C. Mác và Ph. Ăng-ghen toàn tập T.39 : Thư từ (Tháng Giêng 1893 - Tháng Bảy 1895) /

Enregistré dans:
Détails bibliographiques
Auteur principal: Mác, C., 1818-1883
Format: Livre
Langue:Vietnamese
Publié: Chính trị quốc gia 1999
Tags: Ajouter un tag
Pas de tags, Soyez le premier à ajouter un tag!
Thư viện lưu trữ: Mạng thư viện Đại học Đà Nẵng
LEADER 00702nam a2200265 4500
001 000027769
003 MA-C99
005 20150403120000.0
008 150403s vm 000 vie
020 |c 0,0000 
040 |a notts 
100 |a Mác, C., 1818-1883 
245 |a C. Mác và Ph. Ăng-ghen toàn tập T.39 : Thư từ (Tháng Giêng 1893 - Tháng Bảy 1895) /  |c C. Mác, Ph. Ăng-ghen. 
260 |b Chính trị quốc gia  |c 1999 
OWN |a LTT 
999 |a From the UDN01 
TYP |a Monograph 
TYP |a Printed language 
980 |a Mạng thư viện Đại học Đà Nẵng